00446 a2200169 4500001000700000003000400007005001700011008004100028082002100069100001700090245007700107250001200184260003300196300001000229700002200239700001500261131110OSt20210907171918.0  a301.310973bH19E1 aHanley, Nick1 aEnvironmental economicscby Nick Hanley, Jason F. Shogren and Ben White a2nd ed. aUkbPalgrave macmillanc2009 a459p. aShogren, Jason F. aWhite, Ban